Jul - Décodeur - Statistiques

Statistiques générales
  • Ce quiz a été pris 345 fois
  • Le résultat moyen est 18 sur 48
Statistiques - réponses
Groupes Lettres Indices Réponses % Correct
Indices M Ville de naissance Marseille
99%
Indices V Stade dans lequel il a organisé 3 concerts Vélodrome
88%
Indices T Elle a le regard qui tue Tchikita
85%
Indices O Son surnom le plus courant Ovni
74%
Indices O Nom de son label actuel D'{or et de platine}
71%
Indices A Technologie utilisé par Jul qui permet de modifier sa voix Auto-Tune
62%
Indices E Nationalité de Morad, rappeur avec lequel il fait de nombreux feats Espagnol
61%
Indices B Musique ayant fait le buzz en 2020 en collaboration avec 7 artistes marseillais Bande organisée
55%
Indices A Rappeur avec lequel il a de nombreuses collaborations, dont "Comme d'hab" ou "La fusion" Alonzo
54%
Indices N Rappeur en collaboration sur "Tel Me" ou "Jusqu'à minuit" Ninho
53%
Indices T Artiste en collaboration sur "Zou Bisou", sorti en 2025 Theodora
53%
Indices N Rappeur avec lequel il a de nombreuses collaborations, dont "Guytoune" ou "C'est la cité" Naps
50%
Indices A Nom du titre sorti en juin 2025 en feat avec GIMS Air force blanche
49%
Indices R Chanteur français, auteur notamment de Mistral Gagnant, avec qui Jul aurait aimé collaborer Renaud
49%
Indices I Titre en featuring avec Jimmy Sax sorti en 2019 Ibiza
48%
Indices R Style musical algérien qui influence Jul dans de nombreuses musiques Raï
48%
Indices T Modèle de voiture avec lequel il arrive parfois sur scène Twingo
48%
Indices D Nom de son premier album Dans ma paranoïa
42%
Indices E Titre comprenant ces paroles " Elle c'est la beauté qui fait son charme, l'autre c'est tout ce qu'elle peut donner" Elle et l'autre
42%
Indices R Modèle de voiture de la marque Audi que Jul cite régulièrement RS3
41%
Indices S Rappeur d'Aubagne avec lequel il a plusieurs colloborations SCH
41%
Indices T Titre référence à un couple de mafieux présent sur cet album Toto et Ninetta
41%
Indices C Joueur de foot, passé par Marseille, Saint-Etienne ou encore Lille, qui célèbre certains buts en faisant le signe Jul Remy Cabella
36%
Indices R Album comprenant les titres "La Bandite" ou "Sous la lune" Rien 100 Rien
36%
Indices E Titre dont le refrain commence par "Petit pas de danse" En Y
35%
Indices L Nom de son label jusqu'en 2015 Liga One
30%
Indices M Footballeur en collaboration sur "Mercé" Benjamin Mendy
29%
Indices C Album avec de nombreux feats internationaux Coeur blanc
29%
Indices I Album comprenant les titres "Coup de genoux" ou "Fais moi la passe" Inspi d'ailleurs
28%
Indices E Album sorti en 2022 à l'occasion de son premier concert dans ce stade Extraterrestre
27%
Indices N Chanson de "Début de soirée" reprise par Jul dans l'album La Machine Nuit de folie
27%
Indices E Album d'été 2016 Émotions
25%
Indices N Son en featuring avec Omah Lay Namek
25%
Indices T Nom donné par Jul à ses fans Team Jul
23%
Indices N Autre titre en collaboration avec ce dernier, dans lequel ils reprennent "Les démons de minuit" Normal
21%
Indices I Album d'hiver 2021 Indépendance
19%
Indices F Artiste en collaboration sur "Capata" Francè Zito
17%
Indices O Tweet célèbre de Jul en réponse à des critiques O pire mange moi le poiro
16%
Indices E Artiste albanais en featuring sur "Chocolata" Elai
14%
Indices R Rappeur italien avec lequel il chante "Grazie la zone" ou "Europa" Rhove
14%
Indices A Joueur de foot que Jul a dribbler lors d'un match caritatif Éric Abidal
13%
Indices S Titre en feat avec Moubarak dans l'album "Je ne me vois pas briller" Survêt du Milan
13%
Indices E Artiste en collaboration sur "Sortez les bouteilles" Elams
11%
Indices N Rappeur en collaboration sur "Rentrez pas dans ma tête" Nessbeal
11%
Indices U Single de l'album Inarrêtable Un jour je l'aurais
10%
Indices E Dernier titre de La zone en personne En quarantaine
8%
Indices S Premier titre de l'album Décennie Siège chauffant
8%
Citation Mon rêve c'était d'être connu en faisant trembler San Siro
2%
Aucun quiz correspondant
Distribution des résultats
% des personnes avec chaque résultat
Percentile par nombre de réponses
Votre historique - résultats
Vous n’avez pas pris ce quiz